| 000 | 02553nam a2200361 a 4500 | ||
|---|---|---|---|
| 001 | 000007137 | ||
| 003 | DO-SdBNP | ||
| 005 | 20240322114124.0 | ||
| 007 | 000007137 | ||
| 008 | 090717s2017 mx 001 0 spa d | ||
| 020 | _z9786071653970 | ||
| 040 |
_aBPMSU _bspa _cBPMSU |
||
| 082 | 4 |
_a342.7291 _bC175c 2017 _222 |
|
| 245 | 3 |
_aEl cambio constitucional en Cuba : actores, instituciones y leyes de un proceso político / _bactores, reglas y estrategias electorales / _c coordinadores Rafael Rojas, Velia Cecilia Bodes y Armando Chaguaceda |
|
| 260 |
_aMéxico : _bFondo de Cultura Económica, _c2017 |
||
| 300 |
_a256 p. ; _c21 cm. _b |
||
| 490 | 0 | _aSección de obras de política y derecho | |
| 500 | _aIncluye datos biográficos de los coordinadores en la solapa de la cubierta | ||
| 504 | _aIncluye referencias bibliográficas y notas al pie de las páginas | ||
| 505 | 0 | _aDel constitucionalismo republicano al autoritario en el siglo XX cubano ? La tradición constitucional hispanoamericana ? La constitución de la República de Cuba y los derechos humanos universales ? Constitucionalismo autocrático en Cuba: mito y realidad ? Derecho del Estado, participación cultural y parámetros ? El nuevo postotalitarismo cubano: un balance del raulismo ? Veinte años después ( actores del cambio constitucional; retrospectiva y escenarios futuros) ? La cuestión constitucional en Cuba: una discusión sociológica. | |
| 590 | _aInventariado, 2024/VM | ||
| 650 | 4 |
_aDerechos humanos _zCuba |
|
| 650 | 4 |
_aGarantías constitucionales _zCuba |
|
| 651 | 4 |
_aCuba _xDerecho constitucional _y |
|
| 651 | 4 |
_aCuba _xHistoria constitucional _y |
|
| 700 | 1 |
_aRojas, Rafael _ecoordinador |
|
| 700 | 1 |
_aBohes, Velia Cecilia _ecoordinadora |
|
| 700 | 1 |
_aChaguaceda, Armando _ecoodinador |
|
| 710 | 2 | _aFondo de Cultura Económica (México) | |
| 710 | 2 | _aCentro de Estudios Constitucionales Iberoamericanos (México) | |
| 910 | _aVMateo V. Control de calidad BPMSU | ||
| 942 |
_2ddc _cBK |
||
| 999 |
_c14614 _d14614 |
||